La Justicia ¿discurso o mercado? (Registro nro. 5680)

Detalles MARC
000 -LEADER
fixed length control field 00878 a2200229 4500
001 - CONTROL NUMBER
control field 54605
005 - DATE AND TIME OF LATEST TRANSACTION
control field 20260407155820.0
008 - FIXED-LENGTH DATA ELEMENTS--GENERAL INFORMATION
fixed length control field 260407a1992 arg spa d
003 - CONTROL NUMBER IDENTIFIER
control field AR-UNSa-BCEJYS
040 ## - CATALOGING SOURCE
Original cataloging agency AR-UNSa-BCEJYS
Language of cataloging spa
Transcribing agency AR-UNSa-BCEJYS
080 ## - UNIVERSAL DECIMAL CLASSIFICATION NUMBER
Universal Decimal Classification number 316.334.3
Common auxiliary subdivision Sociología de subsistemas e instituciones políticas. Sociología política
020 ## - INTERNATIONAL STANDARD BOOK NUMBER
International Standard Book Number 84-7432-439-4
100 1# - MAIN ENTRY--PERSONAL NAME
Personal name Kern, Lucian
245 10 - TITLE STATEMENT
Title La Justicia ¿discurso o mercado?
Name of part/section of a work Los nuevos enfoques de la teoría contractualista
264 #1 - PRODUCTION, PUBLICATION, DISTRIBUTION, MANUFACTURE, AND COPYRIGHT NOTICE
Place of production, publication, distribution, manufacture Barcelona :
Name of producer, publisher, distributor, manufacturer Gedisa
Date of production, publication, distribution, manufacture, or copyright notice 1992
300 ## - PHYSICAL DESCRIPTION
Extent 295 p.
Dimensions 21,5 cm.
505 ## - FORMATTED CONTENTS NOTE
Formatted contents note 1. La idea del contrato – 2. Contrato y discurso – 3. Teorías contractualistas individualistas – 4. Aplicaciones de los enfoques contractualistas.
590 ## - LOCAL NOTE (RLIN)
Local note niveau_biblio:m niveau_hierar:0
700 1# - ADDED ENTRY--PERSONAL NAME
Personal name Muller, Hans Peter
700 1# - ADDED ENTRY--PERSONAL NAME
Personal name Seña, Jorge M.
942 ## - ADDED ENTRY ELEMENTS (KOHA)
Koha item type
Existencias
Withdrawn status Lost status Damaged status Not for loan Home library Current library Shelving location Date acquired Total checkouts Full call number Barcode Date last seen Price effective from Koha item type
        Biblioteca Prof. Eusebio Cleto del Rey Biblioteca Prof. Eusebio Cleto del Rey   07/04/2026   316.334.3 K39 L65160 07/04/2026 07/04/2026 Libro